योजनाओं का शहर / (Record no. 71328)

MARC details
000 -LEADER
fixed length control field 01220nam a22002657a 4500
005 - DATE AND TIME OF LATEST TRANSACTION
control field 20130925150053.0
008 - FIXED-LENGTH DATA ELEMENTS--GENERAL INFORMATION
fixed length control field 090408t xxu||||| |||| 00| 0 hin d
010 ## - LCCN (DPL NO)
LC control number HIN-97370 B-503073
020 ## - INTERNATIONAL STANDARD BOOK NUMBER
International Standard Book Number 9789350722077
Terms of availability 200.00
035 ## - SYSTEM CONTROL NUMBER
System control number HN-69716 B-503073
037 ## - SOURCE OF ACQUISITION
Source of stock number/acquisition DBAD / PUB
037 ## - SOURCE OF ACQUISITION
Source of stock number/acquisition प्रकाशन संस्थान
040 ## - CATALOGING SOURCE
Original cataloging agency DPL
Language of cataloging HN
082 ## - DEWEY DECIMAL CLASSIFICATION NUMBER
Classification number 821
100 ## - MAIN ENTRY--PERSONAL NAME
9 (RLIN) 27482
Personal name संजय कुंदन
245 ## - TITLE STATEMENT
Title योजनाओं का शहर /
Statement of responsibility, etc संजय कुंदन
246 ## - VARYING FORM OF TITLE
Title proper/short title Yoinaon ka Shahar
Remainder of title by Sanjay Kundan
260 ## - PUBLICATION, DISTRIBUTION, ETC. (IMPRINT)
Place of publication, distribution, etc नई दिल्ली
Name of publisher, distributor, etc वाणी प्रकाशन
Date of publication, distribution, etc 2012
270 ## - ADDRESS
Address 4695, 21-ए, दरियागंज
City नई दिल्ली
Postal code 110002
Telephone number 9111 2327317
Electronic mail address vaniprakashan.in
Fax number 91 11 23275710
300 ## - PHYSICAL DESCRIPTION
Extent 95पृ.
Dimensions 22 सेमी (सजिल्द)
650 ## - SUBJECT ADDED ENTRY--TOPICAL TERM
9 (RLIN) 1169
Topical term or geographic name as entry element हिन्दी कविताएँ
650 ## - SUBJECT ADDED ENTRY--TOPICAL TERM
Topical term or geographic name as entry element Hindi Poetry
9 (RLIN) 53560
942 ## - ADDED ENTRY ELEMENTS (KOHA)
Institution code [OBSOLETE] dpl
Item type Hindi Books
Source of classification or shelving scheme Dewey Decimal Classification
Call number suffix संजय
Classification part 821
Holdings
Withdrawn status Lost status Source of classification or shelving scheme Damaged status Not for loan Collection code Home library Current library Date acquired Source of acquisition Cost, normal purchase price Total Checkouts Full call number Barcode Date last seen Copy number Cost, replacement price Koha item type Total Renewals
    Dewey Decimal Classification     Non-fiction Central Library Central Library 25/09/2013 प्रकाशन संस्थान/537/18.03.13/185/12.03.13/20.03.13 200.00 3 821 संजय B-503073 31/05/2018 1 200.00 Hindi Books 2
    Dewey Decimal Classification   Not For Loan Non-fiction D.B.Act.Division D.B.Act.Division 07/11/2012 DBAD / PUB 200.00   821 संजय HN-69716 07/11/2012 1 200.00 Hindi Books  

© Delhi Public Library
Hit Counter
free hit counter